[Event "VIE-ch U13"]
[Site "Hai Phong"]
[Date "2018.07.09"]
[Round "4"]
[White "Hoang, Viet"]
[Black "Dang, Hoang Quy Nhan"]
[Result "1/2-1/2"]
[WhiteElo "1853"]
[BlackElo "1827"]
[PlyCount "88"]
[EventDate "2018.07.07"]
[EventType "swiss"]
[EventRounds "9"]
[EventCountry "VIE"]
[SourceTitle "EXT 2019"]
[Source "ChessBase"]
[SourceDate "2018.10.10"]
[SourceVersion "1"]
[SourceVersionDate "2018.10.10"]
[SourceQuality "1"]

1. d4 d5 2. Nf3 e6 3. g3 Nf6 4. Bg2 Be7 5. c4 c6 6. 0-0 0-0 7. Nc3 dxc4 8. Ne5 Nbd7 9. Nxc4 Nb6 10. Ne5 Nbd5 11. e4 Nxc3 12. bxc3 Qc7 13. Nc4 b5 14. Bf4 Qd8 15. Ne5 Bb7 16. a4 a6 17. Qc2 Qb6 18. Rfb1 Rfd8 19. Nc4 Qa7 20. axb5 cxb5 21. Na5 Rac8 22. Nxb7 Qxb7 23. Qd3 Nd7 24. e5 Qc7 25. Qe4 Nb6 26. Qb7 Na4 27. Bd2 Rd7 28. Qxa6 Nxc3 29. Bxc3 Qxc3 30. Qxb5 Qxd4 31. Ra4 Qd2 32. Rc4 Rxc4 33. Qxc4 g6 34. Bf3 Qd3 35. Rb8+ Kg7 36. Qxd3 Rxd3 37. Be2 Rd5 38. f4 Rd2 39. Kf2 Bc5+ 40. Kf3 h5 41. h3 Ra2 42. Rb7 Ra3+ 43. Kg2 Ra2 44. Kf3 Ra3+ 1/2-1/2

[Event "VIE-chT"]
[Site "Ho Chi Minh City"]
[Date "2017.07.29"]
[Round "9.38"]
[White "Vu, Hoang Gia Bao"]
[Black "Hoang, Viet"]
[Result "1/2-1/2"]
[WhiteElo "2032"]
[BlackElo "1993"]
[PlyCount "58"]
[EventDate "2017.07.24"]
[EventType "team-swiss"]
[EventRounds "9"]
[EventCountry "VIE"]
[SourceTitle "EXT 2019"]
[Source "ChessBase"]
[SourceDate "2018.10.10"]
[SourceVersion "1"]
[SourceVersionDate "2018.10.10"]
[SourceQuality "1"]

1. e4 c5 2. Nf3 d6 3. d4 cxd4 4. Nxd4 Nf6 5. Nc3 a6 6. Be2 e5 7. Nb3 Be7 8. Qd3 Be6 9. Nd5 Nc6 10. c4 Rc8 11. Be3 Bxd5 12. exd5 Na5 13. Qc3 Nxb3 14. Qxb3 Qd7 15. f3 0-0 16. 0-0 Rfe8 17. Qd1 Bf8 18. b3 g6 19. Qd2 Bg7 20. Rae1 e4 21. Bd4 exf3 22. Bxf3 Ng4 23. Bxg4 Qxg4 24. Bxg7 Kxg7 25. Qf2 Qd7 26. Qf6+ Kg8 27. h3 Rcd8 28. Kh1 Rc8 29. Kh2 Rcd8 1/2-1/2

[Event "VIE-chT"]
[Site "Ho Chi Minh City"]
[Date "2017.07.28"]
[Round "7.39"]
[White "Hoang, Viet"]
[Black "Nguyen, Anh Tuan"]
[Result "0-1"]
[WhiteElo "1993"]
[BlackElo "1901"]
[PlyCount "100"]
[EventDate "2017.07.24"]
[EventType "team-swiss"]
[EventRounds "9"]
[EventCountry "VIE"]
[SourceTitle "EXT 2019"]
[Source "ChessBase"]
[SourceDate "2018.10.10"]
[SourceVersion "1"]
[SourceVersionDate "2018.10.10"]
[SourceQuality "1"]

1. d4 c6 2. Nf3 d5 3. g3 Nf6 4. Bg2 Bg4 5. 0-0 e6 6. Nbd2 Be7 7. c4 h6 8. Re1 0-0 9. e4 dxe4 10. Nxe4 Nbd7 11. Qb3 Qb6 12. Qxb6 axb6 13. Ned2 Bb4 14. a3 Rfd8 15. Rb1 Bd6 16. Ne5 Bf5 17. Ra1 Bc7 18. Ndf3 Nxe5 19. dxe5 Nd7 20. b3 Nc5 21. b4 Nd3 22. Re3 Nxb4 23. Ne1 Nd3 24. Nxd3 Rxd3 25. f4 Rd1+ 26. Kf2 Rad8 27. Bf3 R1d3 28. Be2 R3d4 29. Rc3 R4d7 30. Be3 Be4 31. Rac1 c5 32. a4 f6 33. exf6 gxf6 34. Rg1 Kf7 35. g4 Rg8 36. h4 f5 37. Bc1 Bd8 38. g5 hxg5 39. Bh5+ Kf8 40. hxg5 Rh8 41. Be2 Rh2+ 42. Ke1 b5 43. Rcg3 Ba5+ 44. Kf1 Bd2 45. Ba3 b4 46. Bb2 Bxf4 47. Bf6 Bxg3 48. Rxg3 Rd2 49. Re3 Rdxe2 50. Rxe2 Bd3 0-1

[Event "VIE-ch U09"]
[Site "Ho Chi Minh City"]
[Date "2014.07.18"]
[Round "9"]
[White "Pham, Cong Minh"]
[Black "Hoang, Viet"]
[Result "1-0"]
[WhiteElo "1484"]
[BlackElo "1448"]
[PlyCount "73"]
[EventDate "2014.07.13"]
[EventType "swiss"]
[EventRounds "9"]
[EventCountry "VIE"]
[SourceTitle "EXT 2016"]
[Source "ChessBase"]
[SourceDate "2015.10.08"]
[SourceVersion "1"]
[SourceVersionDate "2015.10.08"]
[SourceQuality "1"]

1. e4 e5 2. Nf3 Nc6 3. Bb5 a6 4. Bxc6 dxc6 5. 0-0 Bd6 6. d4 Bg4 7. Be3 Ne7 8. dxe5 Bxf3 9. Qxf3 Bxe5 10. Nc3 0-0 11. Rfd1 Qc8 12. Rd2 Qe6 13. Rad1 Ng6 14. a3 h6 15. Na4 b6 16. Nc3 a5 17. Na4 Rab8 18. g3 Qh3 19. Qg2 Qc8 20. f4 Bd6 21. e5 Be7 22. Qe4 Qg4 23. Qg2 Nxe5 24. fxe5 Qxa4 25. Rd4 Qb5 26. Rg4 Kh7 27. Qe4+ Kh8 28. Rf1 Qd5 29. Qf5 Bc5 30. Bxc5 Qxc5+ 31. Kg2 Qe7 32. Qh5 Kh7 33. Rf6 Qd7 34. Rxg7+ Kxg7 35. Qxh6+ Kg8 36. Qg5+ Kh7 37. Rh6# 1-0